| 000 | 01256cam a22003134a 4500 | ||
|---|---|---|---|
| 001 | 13546647 | ||
| 003 | ARRUPE | ||
| 005 | 20220505082242.0 | ||
| 008 | 040402s2004 enka b 001 0 eng | ||
| 010 | _a 2004049253 | ||
| 020 | _a0192853589 | ||
| 040 |
_aDLC _cDLC _dDLC |
||
| 042 | _apcc | ||
| 050 | 0 | 0 |
_aBJ1461 _b.P54 2004 |
| 082 | 0 | 0 |
_a123/.5 _222 |
| 100 | 1 |
_aPink, Thomas. _951409 |
|
| 245 | 1 | 0 |
_aFree will : _ba very short introduction / _cThomas Pink. |
| 260 |
_aOxford ; _aNew York : _bOxford University Press, _c2004. |
||
| 300 |
_a132 p. : _bill. ; _c18 cm. |
||
| 440 | 0 | _aVery short introductions | |
| 504 | _aIncludes bibliographical references (p. 124-129) and index. | ||
| 650 | 0 | _aFree will and determinism. | |
| 856 | 4 | 2 |
_3Publisher description _uhttp://www.loc.gov/catdir/enhancements/fy0618/2004049253-d.html |
| 856 | 4 | 1 |
_3Table of contents only _uhttp://www.loc.gov/catdir/enhancements/fy0618/2004049253-t.html |
| 856 | 4 | 2 |
_3Contributor biographical information _uhttp://www.loc.gov/catdir/enhancements/fy0724/2004049253-b.html |
| 906 |
_a7 _bcbc _corignew _d1 _eocip _f20 _gy-gencatlg |
||
| 942 |
_2lcc _cMONOGRAPH |
||
| 999 |
_c131342 _d131342 |
||